MDQL
is popping MORE tags! Check the
thread
!
Quizzes
Events
Quiz Creation
Community
Videos
Private Events
Remove Ads
Sign In
Join for FREE
Feedback
Dark Mode
Quiz Categories
Sports
Geography
Music
Movies
Television
Just For Fun
Miscellaneous
History
Literature
Language
Science
Gaming
Entertainment
Religion
Holiday
For Kids
Quiz Lab
Recent
Popular Today
Quiz Kudos Today
Editor Picks
Curator Picks
Quizzes by...
Day
Popularity
Type
Ratings
Length
Year
Community
Subscriptions
Recent Discussions
Orange Saloon
Badges
Playlists
Quests
Create
Leaderboards
Showdown
Live 5
Trivia Bingo
Activity
Puzzle Library
Sporcle Events
Private Events
Virtual Trivia
Globe League
Become a Host
Pub Owners
SporcleCon
Opinionation
Our Games
Videos
Blog
Mobile Apps
Partnerships
Remove Ads and Go Orange
Feedback
Music
Pop Music
The Beatles
Song
Album
Lyrics
Bands
Singers
Artist
Clip
Rock
Rap
Classical
Billboard
Country Music
Kpop
Taylor Swift
Music
Pop Music
The Beatles
Song
Album
Lyrics
Bands
Singers
Artist
Clip
Rock
Rap
Classical
Billboard
Country Music
Kpop
Taylor Swift
Random Quiz
Search Sporcle
×
Quiz Lab
Quiz Lab
Music
Pop Music
Type in answers that appear in a list
Type in answers that appear in a list
Classic
Best Score? Go Orange.
Top 40 Hits: Stars of the 80s Part 3 Stats
How many songs can you name from these artists that peaked in the US Top 40 between 1980 and 1989
By
azkaged
15m
90 Questions
255 Plays
255 Plays
255 Plays
Comments
Comments
Give Quiz Kudos
Give Quiz Kudos
-
- Ratings
hide this ad
More Info
Replay
Link that replays current quiz
Next Quiz
Link to next quiz in quiz playlist
You Got
0%
They Got
Avg Score
42%
Avg Friend Score
Upgrade to see
Score Distribution
Jump to the score distribution portion of the page
Score
0/90
Timer
15:00
0
Plays Today
Artist
Song
% Correct
Madonna
Like A Virgin
95.3%
Kenny Loggins
Footloose
90.1%
John Cougar Mellencamp
Jack And Diane
88.1%
Prince
Purple Rain
87.7%
Madonna
Material Girl
86.6%
Prince
When Doves Cry
84.6%
Madonna
Like A Prayer
83%
Madonna
Papa Don't Preach
81.8%
Prince
1999
81.8%
Kenny Loggins
Danger Zone
80.2%
Prince
Little Red Corvette
78.7%
Prince
Raspberry Beret
75.9%
Prince
Kiss
74.7%
Madonna
Holiday
73.5%
Prince
Let's Go Crazy
72.3%
Billy Ocean
Caribbean Queen (No More Love On The Run)
71.5%
Madonna
Crazy For You
68%
John Cougar Mellencamp
Pink Houses
68%
Madonna
True Blue
66.4%
Madonna
Borderline
66.4%
Madonna
La Isla Bonita
65.2%
John Cougar Mellencamp
Hurts So Good
63.6%
Billy Ocean
Get Outta My Dreams, Get Into My Car
60.5%
Stevie Nicks
Edge Of Seventeen (Just Like The White Winged Dove)
58.9%
Stevie Nicks
Stand Back
56.9%
Prince
Batdance
56.1%
Kenny Loggins
I'm Alright
54.5%
Stevie Nicks
Leather And Lace (with Don Henley)
54.5%
Madonna
Live To Tell
53.4%
Madonna
Open Your Heart
52.2%
Artist
Song
% Correct
Stevie Nicks
Stop Draggin' My Heart Around (with Tom Petty)
52.2%
Madonna
Express Yourself
51.4%
Madonna
Lucky Star
51%
Prince
I Would Die 4 U
51%
Madonna
Who's That Girl
50.2%
John Cougar Mellencamp
R.O.C.K. In The U.S.A.
48.2%
Billy Ocean
Suddenly
48.2%
John Cougar Mellencamp
Small Town
47.4%
Madonna
Cherish
47%
John Cougar Mellencamp
Rain On The Scarecrow
45.8%
Madonna
Dress You Up
44.7%
Madonna
Angel
43.5%
John Cougar Mellencamp
Cherry Bomb
43.5%
Billy Ocean
There'll Be Sad Songs (To Make You Cry)
41.5%
Prince
Sign O The Times
41.5%
Billy Ocean
When The Going Gets Tough, The Tough Get Going
40.3%
Billy Ocean
Loverboy
39.1%
Stevie Nicks
Talk To Me
37.2%
Madonna
Causing A Commotion
36.8%
John Cougar Mellencamp
Paper In Fire
36%
John Cougar Mellencamp
Crumblin' Down
35.2%
Prince
U Got The Look (with Sheena Easton)
35.2%
Prince
Delirious
35.2%
John Cougar Mellencamp
The Authority Song
34%
Stevie Nicks
Rooms On Fire
32.8%
John Cougar Mellencamp
Lonely Ol Night
32.8%
Prince
Alphabet St
32.4%
Prince
Pop Life
30%
Kenny Loggins
This Is It
27.7%
Prince
Take Me With U
27.3%
Artist
Song
% Correct
Madonna
Oh Father
26.5%
John Cougar Mellencamp
Ain't Even Done With The Night
26.1%
Prince
I Could Never Take The Place Of Your Man
26.1%
John Cougar Mellencamp
Check It Out
24.9%
Stevie Nicks
I Can't Wait
24.9%
Kenny Loggins
Meet Me Half Way
24.1%
Prince
Mountains
23.3%
Kenny Loggins
Heart To Heart
22.5%
Prince
I Wanna Be Your Lover
21.3%
Stevie Nicks
If Anyone Falls
20.6%
Stevie Nicks
After The Glitter Fades
20.2%
Stevie Nicks
Nightbird
19%
Kenny Loggins
I'm Free (Heaven Helps The Man)
17.4%
John Cougar Mellencamp
Hand To Hold On To
17.4%
Billy Ocean
Love Zone
17.4%
Prince
The Arms Of Orion (with Sheena Easton)
17%
John Cougar Mellencamp
Rumbleseat
15%
Kenny Loggins
Don't Fight It (with Steve Perry)
14.2%
Kenny Loggins
Keep The Fire
13.8%
Kenny Loggins
Nobody's Fool
13%
John Cougar Mellencamp
Pop Singer
13%
Kenny Loggins
Forever
12.3%
Prince
Partyman
12.3%
Kenny Loggins
Welcome To Heartlight
11.9%
John Cougar Mellencamp
This Time
10.3%
Kenny Loggins
Vox Humana
7.5%
Billy Ocean
The Colour Of Love
5.9%
Billy Ocean
Love Is Forever
5.5%
Billy Ocean
Mystery Lady
3.6%
Billy Ocean
Licence To Chill
2.8%
Quiz Playlist
Details
Report
Send in Message
Add To Playlist
More Info:
All songs hit their highest point on the Billboard Hot 100 between 1980 and 1989 regardless of the original date of release.
Classic:
Type in answers that appear in a list
Last Updated: Sep 6, 2017
Quiz Scoreboard
CHALLENGE
Sign Up to Join the Scoreboard
Show All
Scores
Hide
Comments
May contain spoilers
Recently Published
Find the 'City' Movie
by crazypaving
Movies
60s
5x2 Blitz: Bands
by SL_Kpop136
Music
30s
Colored Red Africa Blitz
by spor1
Geography
30s
More to Explore
Quiz From the Vault
Featured Blog Post
14 Easter Pick-up Lines to Find Eggs With
hide this ad
You Might Also Like...
Tags
Pop Music Quiz
Song Quiz
1980s
Chart Hits
Hit Singles
Hit Songs
Rock Songs
Top 40
Top Hits
Top Songs
Today's Top Quizzes in Music
Browse Music
hide this ad
Today's Top Quizzes in Pop Music
Browse Pop Music
Top Contributed Quizzes in Music
1
5X2 Blitz: Bands II
2
Taylor Swift Logic Puzzle II
3
Taylor Swift All Songs (2024)
4
5X2 Blitz: The Beatles
5
5X2 Blitz: Billboard
6
5X2 Blitz: Singers
7
5X2 Blitz: Album
8
5X2 Blitz: Rock
9
Music Artist by Three 2010s hits
10
5X2 Blitz: Billboard II
Explore More
Trending Topics
Kpop
Marvel
Anime
Harry Potter
NBA
Crossword
Disney
Country
Song
Soccer
Puzzle
WWE
Pokémon
NFL
The Office
hide this ad
More By:
azkaged
Quiz
Plays
Rating
Category
Featured
Created
Know Your Grunge!
4,595
4.68
Music
Jul 15, 2018
Know Your Metal!
2,504
4.79
Music
Jul 19, 2018
Which Charted Higher?
1,626
4.73
Music
Sep 23, 2017
Know Your Disco!
1,535
4.90
Music
Jul 9, 2018
Know Your Rock!
1,512
4.45
Music
Jul 23, 2018
Go to Creator's Profile
Score Distribution
Quiz Creator Spotlight
azkaged
Follow
Send a Message
Quizzes Created
-
Created Quiz Play Count
-
More By This Creator
Popular Quizzes Today
1
Colored Red Africa Blitz
2
Find the 'City' Movie
3
5x2 Blitz: Bands
4
Find the US States - No Outlines Minefield
5
The Countries of the World
6
Find the US States
7
US States
8
9x9 Crossword: Cartoon Network
More Music Quizzes
Produce X 101 trainees' names in Hangul
Quiz Lab
Trending Quizzes
Colored Red Europe Blitz I
Colored Red Africa Blitz II
Colored Red Europe Blitz II
Colored Red Europe Blitz III
Colored Red Africa Blitz III
Recently Updated
Famous TV Couples
Peacemaker
Champions League XIs: Real Madrid
pecheneg
Largest US Cities 1790-2010
pecheneg
Rides in Walt Disney World
pecheneg
Most Oscar Losses (Acting)
pecheneg
Beyoncé Albums
pecheneg
Leaping Animals
pecheneg
Reality TV Shows (A-Z)
bhenderson79
Rickey Henderson's Hall of Fame Teammates
pecheneg
Champions League XIs: Arsenal
pecheneg
Trending Topics
Disney
Anime
NBA
Crossword
Harry Potter
Kpop
Marvel
Pokémon
Puzzle
WWE
NFL
The Office
Song
Country
Soccer
Your Account Isn't Verified!
In order to create a playlist on Sporcle, you need to verify the email address you used during registration. Go to your
Sporcle Settings
to finish the process.
Report this User
Report this user for behavior that violates our
Community Guidelines
.
Details:
Send Report
Go to the Sporcle.com Mobile Site →
Comments